000 00889cab a2200265 4500
001 ABS43611
008 090401t1990 xxu||||| |||| 00| 0 eng d
035 _a(Sirsi) u42550
041 _aeng
100 _aPowell-Smith, V.
245 _aReceiving payment on a quantum meruit basis
260 _c1990
350 _a0
490 _aContract Journal
_v356 (5796) 15 November 1990, 8 (1)
520 _aDiscusses claims for receiving payment on a quantum meruit basis which are not contractual in nature. Illustrates with case law .
650 _aBELL V BRIDLINGTON CORPORATION
650 _aBUILT ENVIRONMENT-BUILDING CONTRACT FORMS
650 _aBUSH V WHITEHAVEN PORT AND TOWN TRUSTEES
650 _aJACKSON V ROMFORD RDC
650 _aQUASI-CONTRACT
650 _aRESTITUTION
690 _aBUILT ENVIRONMENT-BUILDING CONTRACT FORMS
942 _n0
948 _c04/03/1997
999 _c27239
_d27239